Detalles MARC
| 000 -LEADER |
| fixed length control field |
02193nam a2200385Ii 4500 |
| 001 - CONTROL NUMBER |
| control field |
DIGUNINOR0096 |
| 003 - CONTROL NUMBER IDENTIFIER |
| control field |
NyNyDIG |
| 006 - FIXED-LENGTH DATA ELEMENTS--ADDITIONAL MATERIAL CHARACTERISTICS |
| fixed length control field |
m o d |
| 007 - PHYSICAL DESCRIPTION FIXED FIELD--GENERAL INFORMATION |
| fixed length control field |
cr ||||||||||| |
| 008 - FIXED-LENGTH DATA ELEMENTS--GENERAL INFORMATION |
| fixed length control field |
140301s2013 ck ob 000 0 spa d |
| 020 ## - INTERNATIONAL STANDARD BOOK NUMBER |
| International Standard Book Number |
9789587413250 |
| Qualifying information |
(eBook) |
| 020 ## - INTERNATIONAL STANDARD BOOK NUMBER |
| Canceled/invalid ISBN |
9789587413243 |
| 020 ## - INTERNATIONAL STANDARD BOOK NUMBER |
| Canceled/invalid ISBN |
9587413245 |
| 035 ## - SYSTEM CONTROL NUMBER |
| System control number |
(OCoLC)872115955 |
| 040 ## - CATALOGING SOURCE |
| Original cataloging agency |
DGITA |
| Language of cataloging |
eng |
| Description conventions |
pn |
| Transcribing agency |
DGITA |
| 050 14 - LIBRARY OF CONGRESS CALL NUMBER |
| Classification number |
PC4143 eBook |
| 100 1# - MAIN ENTRY--PERSONAL NAME |
| Personal name |
Moreno Castrillón, Francisco. |
| 245 10 - TITLE STATEMENT |
| Title |
Gramática y ortografía al día : |
| Remainder of title |
guía con las principales novedades de la Real Academia Española / |
| Statement of responsibility, etc. |
Francisco Moreno Castrillón. |
| 250 ## - EDITION STATEMENT |
| Edition statement |
1. ed. |
| 264 #1 - PRODUCTION, PUBLICATION, DISTRIBUTION, MANUFACTURE, AND COPYRIGHT NOTICE |
| Place of production, publication, distribution, manufacture |
Barranquilla, Colombia : |
| Name of producer, publisher, distributor, manufacturer |
Editorial Universidad del Norte, |
| Date of production, publication, distribution, manufacture, or copyright notice |
2013. |
| 300 ## - PHYSICAL DESCRIPTION |
| Extent |
1 online resource (viii, 191 pages) |
| 336 ## - CONTENT TYPE |
| Content type term |
text |
| Content type code |
txt |
| Source |
rdacontent |
| 337 ## - MEDIA TYPE |
| Media type term |
computer |
| Media type code |
c |
| Source |
rdamedia |
| 338 ## - CARRIER TYPE |
| Carrier type term |
online resource |
| Carrier type code |
cr |
| Source |
rdacarrier |
| 504 ## - BIBLIOGRAPHY, ETC. NOTE |
| Bibliography, etc. note |
Includes bibliographical references (p. 191). |
| 505 0# - FORMATTED CONTENTS NOTE |
| Formatted contents note |
1. Algunas custiones gramaticales -- 2. Acentuación -- 3. Uso de las letras minúsculas y mayúsculas -- 4. Uso de los signos ortográficos -- Anexos -- Soluciones de algunos ejercicios. |
| 520 ## - SUMMARY, ETC. |
| Summary, etc. |
En la última década, la Real Academia Española (RAE) y la Asociación de Academias de la Lengua Española han publicado tres obras fundamentales: Diccionario panhispánico de dudas (2005), Nueva gramática de la lengua española (2009) y Ortografía de la lengua española (2010). Con base en el contenido de estas obras, el autor emprendió la tarea de escribir este libro y presentar de manera didáctica, clara, sencilla y resumida algunas de las normas que más dificultades tienen para los hablantes de español. Como complemento, este libro-guía acompaña cada parte teórica con talleres de aplicación para fijar el conocimiento de los lectores.. |
| 650 #0 - SUBJECT ADDED ENTRY--TOPICAL TERM |
| Topical term or geographic name entry element |
Spanish language |
| General subdivision |
Orthography and spelling. |
| 655 #0 - INDEX TERM--GENRE/FORM |
| Genre/form data or focus term |
Electronic books. |
| 791 2# - |
| -- |
Digitalia (Firm), |
| -- |
distributor. |
| 793 0# - |
| -- |
Digitalia eBook Collection: |
| -- |
Ediciones Uninorte. |
| 856 40 - ELECTRONIC LOCATION AND ACCESS |
| Materials specified |
Digitalia Hispánica |
| Uniform Resource Identifier |
<a href="https://www.digitaliapublishing.com/a/21254/">https://www.digitaliapublishing.com/a/21254/</a> |
| 910 ## - USER-OPTION DATA (OCLC) |
| User-option data |
Premium Collection: 2007-2012 |
| 942 ## - ADDED ENTRY ELEMENTS (KOHA) |
| Koha item type |
Recurso Electrónico |